Online
Catalog

Miguel Aldama, o la dignidad patriótica / (Record no. 52488)

MARC details
000 -CABECERA
campo de control de longitud fija 00920nam a22002297a 4500
003 - IDENTIFICADOR DEL NÚMERO DE CONTROL
campo de control DO-SdBNP
005 - FECHA Y HORA DE LA ÚLTIMA TRANSACCIÓN
campo de control 20220929091800.0
007 - CAMPO FIJO DE DESCRIPCIÓN FÍSICA--INFORMACIÓN GENERAL
campo de control de longitud fija ta
008 - DATOS DE LONGITUD FIJA--INFORMACIÓN GENERAL
campo de control de longitud fija 110301s1937 cu 000 0 spa d
040 ## - FUENTE DE LA CATALOGACIÓN
Centro catalogador/agencia de origen DO-SdBNP
Lengua de catalogación spa
Centro/agencia transcriptor BNPHU
082 #4 - NÚMERO DE LA CLASIFICACIÓN DECIMAL DEWEY
Número de clasificación xxxx
Número de documento/Ítem L791M
100 ## - ENTRADA PRINCIPAL--NOMBRE DE PERSONA
Nombre de persona Llaverias y Martinez, Joaquin,
9 (RLIN) 42404
Fechas asociadas al nombre 1875- 1956
245 10 - MENCIÓN DE TÍTULO
Título Miguel Aldama, o la dignidad patriótica /
Mención de responsabilidad, etc. Joaquín Llaverías
260 ## - PUBLICACIÓN, DISTRIBUCIÓN, ETC.
Lugar de publicación, distribución, etc. La Habana, Cuba :
Nombre del editor, distribuidor, etc. Imprenta Molina,
Fecha de publicación, distribución, etc. 1937.
300 ## - DESCRIPCIÓN FÍSICA
Extensión 64 p. :
Dimensiones 24 cm.
500 ## - NOTA GENERAL
Nota general Conferencia leída el 23 de diciembre de 1937, en el Palacio Municipal, correspondiente a la serie sobre Habaneros Ilustres, y publicada en el número 11 de los cuadernos de historia Habanera.
500 ## - NOTA GENERAL
Nota general Ejemplar autografiado por el autor para Julio Ortega Frier.
504 ## - NOTA DE BIBLIOGRAFÍA, ETC.
Nota de bibliografía, etc. Incluye notas bibliográficas a pie de paginas.
590 ## - NOTA LOCAL (RLIN)
Nota local Inventariado, 2022/ YL
910 ## - DATOS DE OPCIÓN DEL USUARIO (OCLC)
Datos de opción del usuario YLockward
942 ## - ELEMENTOS DE PUNTO DE ACCESO ADICIONAL (KOHA)
Fuente del sistema de clasificación o colocación Dewey Decimal Classification
Tipo de ítem Koha Libro
Holdings
Estado de retiro Estado de pérdida Fuente del sistema de clasificación o colocación Restricciones de uso No para préstamo Código de colección Localización permanente Ubicación/localización actual Ubicación en estantería Fecha de adquisición Total de préstamos Signatura topográfica completa Código de barras Fecha visto por última vez Precio válido a partir de Tipo de ítem Koha Nota pública
    Dewey Decimal Classification Excluido de préstamo   General Raros y Valiosos Biblioteca Nacional Pedro Henríquez Ureña Biblioteca Nacional Pedro Henríquez Ureña En catalogación 29.09.2022   xxxx L791M 2022-4104 29.09.2022 29.09.2022 Libro Perteneció a la biblioteca personal de Julio Ortega Frier.

Powered by Koha